| 000 | 01688nam a2200445Ii 4500 | ||
|---|---|---|---|
| 001 | DIGBRUJ261 | ||
| 003 | NyNyDIG | ||
| 006 | m o d | ||
| 007 | cr ||||||||||| | ||
| 008 | 220710s2017 ag ob 000 0 spa d | ||
| 035 | _a(OCoLC)1350509260 | ||
| 040 |
_aDGITA _beng _erda _epn _cDGITA |
||
| 020 |
_a9789877600537 _qpdf |
||
| 020 | _z9789875918498 | ||
| 050 | 1 | 4 | _aHF5548.85 ebook |
| 082 | 0 | 4 | _a158.7 |
| 100 | 1 |
_aCólica, Pablo Raúl, _eauthor. |
|
| 245 | 1 | 0 |
_aNeurociencias y psicobiología del estrés laboral : _bburnout en docentes, personal de salud, hostigamiento laboral mobbing / _cPablo R. Cólica. |
| 264 | 1 |
_aCórdoba, Argentina : _bEditorial Brujas, _c[2017] |
|
| 300 | _a1 online resource. | ||
| 336 |
_atext _btxt _2rdacontent |
||
| 337 |
_acomputer _bc _2rdamedia |
||
| 338 |
_aonline resource _bcr _2rdacarrier |
||
| 347 |
_atext file _2rdaft |
||
| 347 | _bPDF | ||
| 504 | _aIncludes bibliographical references. | ||
| 588 | 0 | _aOnline resource; title from PDF title page (Digitalia, viewed July 10, 2022) | |
| 650 | 0 | _aJob stress. | |
| 650 | 0 |
_aTeachers _xJob stress. |
|
| 650 | 0 | _aBullying in the workplace. | |
| 650 | 0 |
_aWork _xPsychological aspects. |
|
| 650 | 0 | _aBurn out (Psychology) | |
| 655 | 0 | _aElectronic books. | |
| 791 | 2 |
_aDigitalia (Firm), _edistributor. |
|
| 793 | 0 |
_gDigitalia eBook Collection: _aEditorial Brujas |
|
| 776 | 0 | 8 |
_iPrint version: _aCólica, Pablo Raúl. _tNeurociencias y psicobiología del estrés laboral. _dCórdoba, Argentina : Editorial Brujas, [2017] _z9789875918498 |
| 856 | 4 | 0 |
_3Digitalia Hispánica _uhttps://www.digitaliapublishing.com/a/51160/ |
| 910 | _aPremium collection: 2022 | ||
| 942 | _cRAA | ||
| 999 |
_c252319 _d252319 |
||